Polskie kluby piłkarskie po historycznej nazwie - Statystyki

Ogólne statystyki
  • Ten quiz został rozwiązany 34 razy
  • Średni wynik to 6 z 21
Statystyki odpowiedzi
Historyczna nazwa Obecna nazwa % Poprawnych
Łodzianka ŁKS Łódź
86%
Warszawskie Koło Sportowe Polonia Warszawa
69%
Groclin Dyskobolia Grodzisk Wielkopolski
48%
GKS „Węgiel Brunatny” GKS Bełchatów
45%
Stal Nowa Huta Hutnik Kraków
45%
Rybacki Klub Sportowy Morski Instytut Rybacki Arka Gdynia
41%
Klub Sportowy Biura Odbudowy Portów „Baltia” Lechia Gdańsk
41%
Lutnia Dębiec Lech Poznań
38%
Towarzystwo Miłośników Rozwoju Fizycznego (TMRF) Widzew Łódź
34%
Klub Sportowy Sztorm Pogoń Szczecin
24%
OKS Stomil Olsztyn
24%
BBTS Ceramed Komorowice Podbeskidzie Bielsko-Biała
21%
WKS 42 Pułk Piechoty Jagiellonia Białystok
14%
Klub Sportowy Milowice Zagłębie Sosnowiec
14%
Pionier Śląsk Wrocław
10%
KS Elektryczność Wisła Płock
10%
Akademicki Klub Footballistów Cracovia
7%
Robotniczy Klub Sportowy PZL Zryw Stal Mielec
7%
Organizacja Młodzieży Towarzystwa Uniwersytetów Robotniczych (OMTUR) / KS Zawisza Zagłębie Lubin
7%
Młodzież Powstańcza Odra Wodzisław Śląski
3%
Związkowiec Warta Poznań
3%
Nie znaleziono quizów pasujących do podanych kryteriów
Rozkład punktacji
Procent ludzi z każdym wynikiem
Percentyl według liczby udzielonych odpowiedzi
Twoja historia wyników
Nie rozwiązałeś tego quizu